000 01137nam a22003257a 4500
003 CHAP
005 20220329141206.0
008 971010s1978 r 00010 d
010 _a64118
011 _a65090
035 _a71256
040 _cCHAP
090 _aTesis
100 0 0 _aVega Cruz, Leonardo.
_9118250
245 1 _aSituación actual de la ganadería bovina en la zona centro del estado de Veracruz; encuesta realizada en II municipios
260 _aChapingo, Méx. :
_bEl autor,
_c1978
300 _a147 h. gráfs.
502 _aTesis (Ing. Agrónomo Esp. en Zootecnia) -- ENA. Departamento de Zootecnia
590 _aALEPH
_b10
_c20130110
_lUCH01
_h1349
590 _aBATCH-UPD
_b10
_c20130109
_lUCH01
_h2320
590 _aBATCH-UPD
_b10
_c20130110
_lUCH01
_h0825
590 _aCONVERSION
_b10
_c20130109
_lUCH01
_h1335
650 1 4 _aGanado vacuno
_zVeracruz.
_945534
710 0 _aENA. Departamento de Zootecnia.
_936706
901 _aBK
942 _cFOLL
949 _bBC
_cTES
_d-153911
_eTS1
_i71256
_si
949 _bBC
_cTES
_d33724000693594
_eTS2
_fc.2
_i71256
_si
949 _bBC
_cTES
_d33724000693602
_eTS2
_fc.3
_i71256
_si
999 _c64118
_d64118